000 00620nam a2200229Ia 4500
003 OSt
005 20220926004252.0
006 a|||||r|||| 00| 0
007 ta
008 220923b |||||||| |||| 00| 0 eng d
037 _cGeneral Book
040 _aRTL
_cRTL
_beng
041 _2eng
_aeng
082 _aU25, M5
100 _aSharma R C Ed.
_991192
245 0 _aOceans
_b Realities and prospects
260 _a New Delhi
_bRajesh Publishers India
_c1985
300 _axx,298p.
_ccm.
650 _aOceanography
942 _hU25, M5
_cGB
_2CC
999 _c610474
_d610474